000 01297nam a22002657a 4500
001 7332
003 FISKH
005 20250709151017.0
008 250709b cb ||||| |||| 00| 0 eng d
020 _a9789833647927
040 _aFISKH
_beng
_cFISKH
_dFISKH
050 _aPZ7
082 _a823
100 _aNanthini
245 _aPeter at the garden /
_cNanthini
260 _aKuala Lumpur :
_bEarly Learning Publications,
_c2009.
300 _a24 pages :
_bcolor illustrations ;
_c26 cm
505 _aG
520 _aPeter spends a fun and curious day exploring the garden around his home. As he plays, he begins to observe plants, insects, and the tools used in gardening. With each discovery, Peter learns simple science concepts—like how plants grow, the role of sunlight and water, and the creatures that live in the garden. Through Peter’s adventure, children are introduced to the basics of nature and garden life in a fun and engaging way. This book is part of the "Exploring Science Through Stories" series and is designed to help young readers understand science in everyday environments.
521 8 _a300
_bLexile estimate
521 8 _aG
_bRaz-Plus
650 _aScience Stories
_vChildren’s Fiction
_xGardens
942 _2ddc
_cBK
_n0
999 _c7332
_d7332